<?xml version="1.0" encoding="UTF-8"?>
<collection xmlns="http://www.loc.gov/MARC21/slim">
 <record>
  <leader>01116nam a2200301 a 4500</leader>
  <controlfield tag="001">6789</controlfield>
  <controlfield tag="003">BD-DhAAL</controlfield>
  <controlfield tag="005">20150701093239.0</controlfield>
  <controlfield tag="008">150701s2004    bg a          000 0 eng  </controlfield>
  <datafield tag="010" ind1=" " ind2=" ">
   <subfield code="a">  2004312732</subfield>
  </datafield>
  <datafield tag="020" ind1=" " ind2=" ">
   <subfield code="a">9847763151</subfield>
  </datafield>
  <datafield tag="040" ind1=" " ind2=" ">
   <subfield code="a">DLC</subfield>
   <subfield code="c">DLC</subfield>
   <subfield code="d">BD-DhAAL</subfield>
  </datafield>
  <datafield tag="050" ind1="0" ind2="0">
   <subfield code="a">GN635.B33</subfield>
   <subfield code="b">A85 2004</subfield>
  </datafield>
  <datafield tag="082" ind1=" " ind2=" ">
   <subfield code="a"> 372/.9549/29</subfield>
  </datafield>
  <datafield tag="100" ind1="1" ind2=" ">
   <subfield code="a">Atiq-ur-Rahaman, M.,</subfield>
   <subfield code="d">1927-</subfield>
   <subfield code="9">12695</subfield>
  </datafield>
  <datafield tag="245" ind1="1" ind2="0">
   <subfield code="a">Indigenous people of the Chittagong Hill Tracts of Bangladesh /</subfield>
   <subfield code="c">M. Atiq-ur-Rahman, M. A. Taher.</subfield>
  </datafield>
  <datafield tag="260" ind1=" " ind2=" ">
   <subfield code="a">Dhaka :</subfield>
   <subfield code="b">Oitijjhya,</subfield>
   <subfield code="c">2004.</subfield>
  </datafield>
  <datafield tag="300" ind1=" " ind2=" ">
   <subfield code="a">200 p. :</subfield>
   <subfield code="b">col. ill. ;</subfield>
   <subfield code="c">22 x 29 cm.</subfield>
  </datafield>
  <datafield tag="541" ind1=" " ind2=" ">
   <subfield code="e">6789</subfield>
  </datafield>
  <datafield tag="650" ind1=" " ind2="0">
   <subfield code="a">Indigenous peoples</subfield>
   <subfield code="z">Bangladesh</subfield>
   <subfield code="z">Chittagong.</subfield>
   <subfield code="9">12696</subfield>
  </datafield>
  <datafield tag="650" ind1=" " ind2="7">
   <subfield code="a">Indigenous peoples</subfield>
   <subfield code="2">fast</subfield>
   <subfield code="9">12697</subfield>
  </datafield>
  <datafield tag="650" ind1=" " ind2="7">
   <subfield code="a">Social history</subfield>
   <subfield code="2">fast</subfield>
   <subfield code="9">12698</subfield>
  </datafield>
  <datafield tag="651" ind1=" " ind2="0">
   <subfield code="a">Chittagong (Bangladesh)</subfield>
   <subfield code="x">Social conditions.</subfield>
   <subfield code="9">12699</subfield>
  </datafield>
  <datafield tag="651" ind1=" " ind2="7">
   <subfield code="a">Bangladesh</subfield>
   <subfield code="z">Chittagong</subfield>
   <subfield code="2">fast</subfield>
   <subfield code="9">12700</subfield>
  </datafield>
  <datafield tag="700" ind1="1" ind2=" ">
   <subfield code="a">T�ahera, Ema. E.,</subfield>
   <subfield code="d">1962-</subfield>
   <subfield code="9">12701</subfield>
  </datafield>
  <datafield tag="942" ind1=" " ind2=" ">
   <subfield code="2">ddc</subfield>
   <subfield code="c">BK</subfield>
  </datafield>
  <datafield tag="999" ind1=" " ind2=" ">
   <subfield code="c">34901</subfield>
   <subfield code="d">34901</subfield>
  </datafield>
  <datafield tag="952" ind1=" " ind2=" ">
   <subfield code="0">0</subfield>
   <subfield code="1">0</subfield>
   <subfield code="2">ddc</subfield>
   <subfield code="4">0</subfield>
   <subfield code="6">372_954929000000000_ATI</subfield>
   <subfield code="7">0</subfield>
   <subfield code="9">54636</subfield>
   <subfield code="a">SCL</subfield>
   <subfield code="b">SCL</subfield>
   <subfield code="c">GEN</subfield>
   <subfield code="d">2015-07-01</subfield>
   <subfield code="l">0</subfield>
   <subfield code="o">372.954929 ATI</subfield>
   <subfield code="p">3020006789</subfield>
   <subfield code="r">2015-07-01</subfield>
   <subfield code="t">1</subfield>
   <subfield code="w">2015-07-01</subfield>
   <subfield code="y">BK</subfield>
  </datafield>
 </record>
</collection>
